Statystyki dla Miasta województwa lubelskiego A-Z

Kliknij tutaj aby rozwiązać quiz!

Ogólne statystyki

  • Ten quiz został rozwiązany 67 razy
    (29 od ostatniego zresetowania)
  • Średni wynik to 16 z 23

Statystyki odpowiedzi

HintOdpowiedź% Poprawnych
BBełżyce | Biała Podlaska | Biłgoraj | +1
95%
CChełm | Czemierniki
89%
ŁŁaszczów | Łęczna | Łuków
89%
LLubartów | Lublin | Lubycza Królewska
89%
JJanów Lubelski | Józefów | Józefów nad Wisłą
84%
PParczew | Piaski | Poniatowa | +2
84%
DDęblin
79%
RRadzyń Podlaski | Rejowiec | Rejowiec Fabryczny | +1
79%
ZZamość | Zwierzyniec
79%
HHrubieszów
74%
KKamionka | Kazimierz Dolny | Kock | +3
74%
OOpole Lubelskie | Ostrów Lubelski
74%
TTarnogród | Terespol | Tomaszów Lubelski | +2
74%
ŚŚwidnik
68%
WWłodawa
68%
SSiedliszcze | Stoczek Łukowski | Szczebrzeszyn
63%
AAnnopol
53%
FFrampol
53%
NNałęczów
53%
IIzbica
37%
UUrzędów
37%
GGoraj
32%
MMiędzyrzec Podlaski | Modliborzyce
32%

Rozkład punktacji

Percentyl według liczby udzielonych odpowiedzi

Procent ludzi z każdym wynikiem

Twoja historia wyników

Nie rozwiązałeś tego quizu od ostatniego zresetowania